Normal view
MARC view
- Malik, Khansa Rubab
Entry Personal Name
001 - CONTROL NUMBER
- control field: 16802
003 - CONTROL NUMBER IDENTIFIER
- control field: NUST
005 - DATE AND TIME OF LATEST TRANSACTION
- control field: 20190705060917.0
008 - FIXED-LENGTH DATA ELEMENTS
- fixed length control field: 190705|| aca||aabn | a|a d
040 ## - CATALOGING SOURCE
- Original cataloging agency: NUST
- Transcribing agency: NUST
100 ## - HEADING--PERSONAL NAME
- Personal name: Malik, Khansa Rubab
670 ## - SOURCE DATA FOUND
- Source citation: Work cat.: (NUST): Malik, Khansa Rubab, Analytic solutions for two and three diamensional flows of Maxwell fluid /, 2016.
